| 000 | 01043nac a22002897a 4500 | ||
|---|---|---|---|
| 001 | BR6006577 | ||
| 003 | BR-BrBNA | ||
| 005 | 20250217103840.0 | ||
| 008 | 230509b bl.|||m| |||| 00| 0 por d | ||
| 040 |
_aBR-BrBNA _bpor _cBiblioteca Nacional de Agricultura |
||
| 072 | _aD50; E70 | ||
| 090 | _a8930 BR6006577 | ||
| 110 | 1 |
_aServico de Economia Rural, Rio de Janeiro, GB (Brasil); _99315 |
|
| 110 | 1 | _aServico de Informacao Agricola, Rio de Janeiro, GB (Brasil) | |
| 245 | 1 | _aDecreto n. 14.269, de 15 de dezembro de 1943. Aprova as especificacoes e tabelas para a classificacao e fiscalizacao da exportacao de fibras de agaves e fourcroyas | |
| 260 | 3 |
_aRio de Janeiro, GB (Brasil): _c1944. |
|
| 300 | _a4 p. | ||
| 490 |
_aSIA (Brazil) _vno. 131 |
||
| 650 | _aLegislacao | ||
| 650 | _aComercializacao | ||
| 650 | _aFibra | ||
| 650 | _aSisal | ||
| 650 | _aExportacao | ||
| 650 | _aControle de qualidade | ||
| 856 | _uhttps://repositorio-dspace.agricultura.gov.br/bitstream/1/5955/1/1944%20SIA%20131.pdf | ||
| 942 |
_2AGRIS _n0 _cMS |
||
| 999 |
_c262276 _d262276 |
||